• 首页
  • 本馆介绍
  • 公告通知
  • 最新文献
  • 馆藏检索
  • 电子资源
  • 读者导购
  • 参考咨询
  • 我的图书馆
  • 登录
  • 详细信息显示
  • 放入我的书架
  • 预约/预借图书
  • 作者相关作品
  • 分类相关作品
  • 丛书相关作品
  • 出版社相关作品

书目信息

  • 表格格式
  • 工作单格式
  • 卡片格式
题名:
快速模型
    
 
作者: 孟闯 , 潘玲霞 , 徐晓莉 主编
分册:  
出版信息: 北京   兵器工业出版社  2018重印
页数: 83页
开本: 27cm
丛书名: 美术设计系列丛书
单 册:
中图分类: TB476
科图分类:
主题词: 产品模型--制作--高等教育--教材
电子资源:
ISBN: 978-7-5181-0158-0
000 01069oam2 2200301 45
001 012001002600
005 20140101172204.0
010    @a978-7-5181-0158-0@dCNY49.80
100    @a20160826d2016 em y0chiy50 ea
101 0  @achi
102    @aCN@b110000
105    @aa z 000yy
106    @ar
200 1  @a快速模型@Akuai su mo xing@dSketch model@f孟闯,潘玲霞,徐晓莉主编@zeng
210    @a北京@c兵器工业出版社@d2018重印
215    @a83页@c图@d27cm
225 1  @a美术设计系列丛书
300    @a全国高等教育“十二五”规划教材
330    @a本书共9章,包括了解快速模型、纸质模型的制作、木质模型的制作、油泥模型的制作、泡沫塑料模型的制作、塑料板材模型的制作、树脂模型的制作、应用快速成型技术制作产品快速模型、模型制作实例赏析。
410  0 @12001 @a美术设计系列丛书
510 1  @aSketch model@zeng
606 0  @a产品模型@x制作@x高等教育@j教材
690    @aTB476@v5
701  0 @a孟闯@Ameng chuang@4主编
701  0 @a潘玲霞@Apan ling xia@4主编
701  0 @a徐晓莉@Axu xiao li@4主编
801  0 @aCN@b北京卓展@c20191020
905    @b1204020-3@dTB476@e502@f4
    
    快速模型=Sketch model/孟闯,潘玲霞,徐晓莉主编.-北京:兵器工业出版社,2018重印
    83页:图;27cm.-(美术设计系列丛书)
    全国高等教育“十二五”规划教材
    
    ISBN 978-7-5181-0158-0:CNY49.80
    本书共9章,包括了解快速模型、纸质模型的制作、木质模型的制作、油泥模型的制作、泡沫塑料模型的制作、塑料板材模型的制作、树脂模型的制作、应用快速成型技术制作产品快速模型、模型制作实例赏析。
●
相关链接 在E读中查询图书 在五车中查询图书 在当当中查询图书 在豆瓣中查询图书


正题名:快速模型     索取号:TB476/502         预约/预借

序号 登录号 条形码 馆藏地/架位号 状态 备注
1 1204020   212040209   第二样本阅览室/ [索取号:TB476/502] 在馆    
2 1204021   212040218   第三借阅区/ [索取号:TB476/502] 在馆    
3 1204022   212040227   第三借阅区/ [索取号:TB476/502] 在馆    
4 1204023   212040236   第三借阅区/ [索取号:TB476/502] 在馆    
唐山师范学院图书馆 欢迎您!
大连网信软件有限公司© 版权所有